Integrated Circuit Design / (Record no. 14788)
[ view plain ]
| 000 -LEADER | |
|---|---|
| fixed length control field | 01315nam a22002417a 4500 |
| 008 - FIXED-LENGTH DATA ELEMENTS--GENERAL INFORMATION | |
| fixed length control field | 101025s2011 mau|||||r|||| 001 0 eng d |
| 020 ## - INTERNATIONAL STANDARD BOOK NUMBER | |
| International Standard Book Number | 0321696948 |
| 020 ## - INTERNATIONAL STANDARD BOOK NUMBER | |
| International Standard Book Number | 9780321696946 |
| 082 ## - DEWEY DECIMAL CLASSIFICATION NUMBER | |
| Classification number | 621.395 |
| Item number | WES |
| 100 ## - MAIN ENTRY--PERSONAL NAME | |
| 9 (RLIN) | 9165 |
| Personal name | Weste, Neil H. E. |
| 245 ## - TITLE STATEMENT | |
| Title | Integrated Circuit Design / |
| Statement of responsibility, etc | Neil H. E. Weste, David Money Harris |
| 250 ## - EDITION STATEMENT | |
| Edition statement | 4th ed. |
| 260 ## - PUBLICATION, DISTRIBUTION, ETC. (IMPRINT) | |
| Place of publication, distribution, etc | Boston : |
| Name of publisher, distributor, etc | Pearson, 2011. |
| Date of publication, distribution, etc | 2011 |
| 300 ## - PHYSICAL DESCRIPTION | |
| Extent | xxiii, 751 p. : |
| Other physical details | ill. ; |
| Dimensions | 26 cm. |
| 504 ## - BIBLIOGRAPHY, ETC. NOTE | |
| Bibliography, etc | Includes bibliographical references p.699-730 and index |
| 650 ## - SUBJECT ADDED ENTRY--TOPICAL TERM | |
| 9 (RLIN) | 9166 |
| Topical term or geographic name as entry element | Integrated circuits |
| Form subdivision | Very large scale integration |
| General subdivision | Design and construction. |
| 650 ## - SUBJECT ADDED ENTRY--TOPICAL TERM | |
| 9 (RLIN) | 9167 |
| Topical term or geographic name as entry element | Metal oxide semiconductors, Complementary. |
| 700 ## - ADDED ENTRY--PERSONAL NAME | |
| 9 (RLIN) | 20610 |
| Personal name | Harris, David Money |
| 942 ## - ADDED ENTRY ELEMENTS (KOHA) | |
| Source of classification or shelving scheme | Dewey Decimal Classification |
| Item type | NB - Book (Non borrowing) |
| Withdrawn status | Item status | Source of classification or shelving scheme | Damaged status | Not for loan | Vendor | Home library | Current library | Shelving location | Date acquired | Source of acquisition | Total Checkouts | Full call number | Barcode | Date last seen | Date last borrowed | Koha item type | Total Renewals |
|---|---|---|---|---|---|---|---|---|---|---|---|---|---|---|---|---|---|
| Dewey Decimal Classification | Baccah | Central Library | Central Library | First floor | 25/10/2010 | 1 | 621.395 WES | 000021933 | 15/07/2025 | 04/11/2010 | NB - Book (Non borrowing) | ||||||
| Dewey Decimal Classification | Baccah | Central Library | Central Library | First floor | 25/10/2010 | 7 | 621.395 WES | 000021934 | 15/07/2025 | 02/06/2019 | Book - Borrowing | 64 | |||||
| Dewey Decimal Classification | Baccah | Central Library | Central Library | First floor | 25/10/2010 | 7 | 621.395 WES | 000021937 | 15/07/2025 | 22/04/2021 | Book - Borrowing | 33 |